000 00427nam a2200157Ia 4500
008 230711s9999||||xx |||||||||||||| ||und||
020 _a978-81-85240-57-2
041 _aENG
082 _a621.8
_bAN-M
100 _aArya,Anand.S
245 0 _aMasonry and timber structures ( including earthquake resistant design)
250 _a6th Ed.
260 _c2009
_aNew Delhi
_bNem Chand & Bros
650 _aCivil Engineering
942 _cBK
999 _c25
_d25